Ciencias sociales 2 / (Registro nro. 9654)

Detalles MARC
000 -LIDER
fixed length control field 01564nam a2200361 a 4500
001 - NÚMERO DE CONTROL
Identificador de número de control 00003837
003 - IDENTIFICACDOR DE NÚMERO DE CONTROL
control field DO-SdBNP
005 - DATE AND TIME OF LATEST TRANSACTION
control field 20180307081412.0
007 - CAMPOS FIJOS DE DESCRIPCIÓN FÍSICA
fixed length control field 00003837
008 - ELEMENTOS DE LONGITUD FIJA
fixed length control field 150130s2009 dr abc 000 0 spa d
020 ## - ISBN
International Standard Book Number 9789803663755
040 ## - FUENTE DE CATALOGACIÓN
Agencia que crea de manera original el registro BPMSU
Idioma de catalogación spa
Agencia que realiza la transcripción BPMSU
092 ## - LOCALLY ASSIGNED DEWEY DECIMAL CALL NUMBER
Número de clasificación 372.83
Número de ítem (Cutter) S498c 2do. 2009
100 1# - ASIENTO PRINCIPAL -- NOMBRE PERSONAL
Nombre personal Severino, Banahi
245 10 - MENCIÓN DE TITULO
Título Ciencias sociales 2 /
Mención de responsabilidad Banahi Severino ; colaboración Miriam Sosa Lora .
260 ## - PUBLICACIÓN, DISTRIBUCIÓN, ETC. (PIE DE IMPRENTA)
Lugar de publicación, distribución, etc Santo Domingo :
Nombre del editor, distribuidor, etc. Actualidad Escolar 2000,
Fecha de publicación, distribución, etc 2009.
300 ## - DESCRIPCIÓN FÍSICA
Extensión 2v. :
Otros detalles físicos il., mapas, retrs. ;
Dimensiones 28 cm.
500 ## - NOTA GENERAL
Nota general La biblioteca posee v. 1. libro texto y v.2. Libro del maestro.
500 ## - NOTA GENERAL
Nota general Este libro ha sido realizado de acuerdo al curriculum vigente y ha sido sometido a la evaluación y aprobación de la SEE. Revisado y actualizado en el 2009.
505 1# - NOTA DE CONTENIDO
Información miscelánea unidad 1 --
Título Yo vivo en mi comunidad --
Información miscelánea unidad 2 --
Título ¿Como se organiza mi comunidad? --
Información miscelánea unidad 3 --
Título República Dominicana es mi país --
Mención de responsabilidad Banahi Severino --
650 #4 - ENCABEZAMIENTO DE MATERIA--TEMÁTICO
Término temático o nombre geográfico como elemento de entrada CIENCIAS SOCIALES
Subdivisión temática general ENSEÑANZA BÁSICA
650 #4 - ENCABEZAMIENTO DE MATERIA--TEMÁTICO
Término temático o nombre geográfico como elemento de entrada CIENCIAS SOCIALES
Subdivisión temática general ESTUDIOS Y EJERCICIOS
650 #4 - ENCABEZAMIENTO DE MATERIA--TEMÁTICO
Término temático o nombre geográfico como elemento de entrada CIENCIAS SOCIALES
Subdivisión temática general LIBROS DE TEXTOS
650 #4 - ENCABEZAMIENTO DE MATERIA--TEMÁTICO
Término temático o nombre geográfico como elemento de entrada EDUCACIÓN PRIMARIA
Subdivisión geográfica REPÚBLICA DOMINICANA
650 #4 - ENCABEZAMIENTO DE MATERIA--TEMÁTICO
Término temático o nombre geográfico como elemento de entrada CIENCIAS SOCIALES
Subdivisión temática general EDUCACIÓN PRIMARIA
700 12 - ASIENTO SECUNDARIO -- NOMBRE PERSONAL
Nombre personal Sosa Lora, Miriam
700 1# - ASIENTO SECUNDARIO -- NOMBRE PERSONAL
Nombre personal Sandoval, Ramón
Mención de responsabilidad il.
910 ## - VALIDACIÓN
Validación Validado. Control de calidad MFF
942 ## - ADDED ENTRY ELEMENTS (KOHA)
Source of classification or shelving scheme Dewey Decimal Classification
Koha item type Libros
945 ## - INFORMACIÓN DE PROCESAMIENTO LOCAL
Información de procesamiento local Remanejado para la BNPHU / 2018 VM
956 ## - LOCAL ELECTRONIC LOCATION AND ACCESS (OCLC)
Nombre de host VMATEO
Número de acceso 10
Información de compresión 20150603
Inicio de sesión BPMSU
Procesador de solicitud 00151
956 ## - LOCAL ELECTRONIC LOCATION AND ACCESS (OCLC)
Nombre de host LOPEREZ
Número de acceso 10
Información de compresión 20160408
Inicio de sesión BPMSU
Procesador de solicitud 0041
Existencias
Withdrawn status Lost status Source of classification or shelving scheme Damaged status Not for loan Collection code Home library Current library Date acquired Source of acquisition Total Checkouts Full call number Barcode Date last seen Price effective from Koha item type Copy number
    Dewey Decimal Classification     Colección Escolar Biblioteca Pública Metropolitana Salomé Ureña Biblioteca Pública Metropolitana Salomé Ureña 04/08/2016 Donación   372.83 S498c 2do. 2009 v.1 BPMSU16040266 04/08/2016 04/08/2016 Libros  
    Dewey Decimal Classification     Colección Escolar Biblioteca Pública Metropolitana Salomé Ureña Biblioteca Pública Metropolitana Salomé Ureña 04/08/2016 Donación   372.83 S498c 2do. 2009 v.1 BPMSU16040267 04/08/2016 04/08/2016 Libros e. 2
    Dewey Decimal Classification     Colección Escolar Biblioteca Pública Metropolitana Salomé Ureña Biblioteca Pública Metropolitana Salomé Ureña 04/11/2016 Donación   372.83 S498c 2do. 2009 v.2 Libro del maestro BPMSU16040314 04/11/2016 04/11/2016 Libros